000 00344nam a2200157Ia 4500
008 230312s9999||||xx |||||||||||||| ||und||
020 _a9788126519453
082 _a621.381
_bUMA-P
100 _aUmanand, L
245 0 _aPower Electronics
260 _bWiley
_c2009
300 _a922
546 _aEng.
650 _aEngineering
942 _cBK
999 _c4688
_d4688